000 00659nam a22002177a 4500
005 20170124110032.0
010 _aA-794243
020 _c175.00
_a8186400087
035 _aA-794243
037 _bCen Lib/Ret
040 _aDPL
_bEN
082 _a372.87
_bSHA
100 _aSharma, Manorma
_921884
245 _amusic education :
_cby Manorma Sharma
_bnew horizins /
260 _aDelhi
_bNirmal Publications
_c1995
270 _bDelhi
_aA/ 139, Kabir Nagar, Gali No.3, 100 Foot Road, Shahdara
_e110094
300 _avi,127p.
_c20cm(Hb)
650 _aEducation
_91169
650 _aMusic education
_921885
942 _2ddc
_cEN
_h372.87
_mSHA
999 _c127908
_d127908